| 000 | 00600nam a22002057a 4500 | ||
|---|---|---|---|
| 999 |
_c20048 _d20048 |
||
| 003 | AR-CdUCM | ||
| 008 | 190524b ||||| |||| 00| 0 spa d | ||
| 040 |
_aMUNICIPALIDAD PROVINCIAL DEL CUSCO _cBIBLIOTECA MUNICIPAL DEL CUSCO |
||
| 082 |
_a927.4 / _bM84 |
||
| 100 |
_aDavenport, Marcia _941943 |
||
| 245 | _aMozart / | ||
| 260 |
_aSantiago : _bErcilla, _c1935. |
||
| 300 |
_a259 páginas _c22 cm. |
||
| 505 | _aContenido: 1756-1762 -- 1762-1763 -- 1763-1766... | ||
| 650 |
_aMozart _941944 |
||
| 650 |
_aBiografía _922 |
||
| 650 |
_aSalzburgo _941945 |
||
| 942 |
_2ddc _cLIBROS |
||
| 945 | _aJavier | ||